[Event "Twente Young Master op-B"]
[Site "Twente"]
[Date "2007.08.09"]
[Round "6"]
[White "De Gouw, Lex"]
[Black "Van Herck, Rob"]
[Result "1-0"]
[WhiteElo "1372"]
[BlackElo "1406"]
[PlyCount "43"]
[EventDate "2007.08.06"]
[EventType "swiss"]
[EventRounds "9"]
[EventCountry "NED"]
[SourceTitle "EXT 2008"]
[Source "ChessBase"]
[SourceDate "2007.11.25"]
[SourceVersion "1"]
[SourceVersionDate "2007.11.25"]
[SourceQuality "1"]

1. e4 d5 2. e5 d4 3. c3 d3 4. f4 Bf5 5. Nf3 e6 6. g3 Bc5 7. Nh4 Be4 8. Bg2 Qd5 9. Qa4+ c6 10. Qxe4 Qd7 11. Bf1 Na6 12. a3 0-0-0 13. b4 Bb6 14. Nf3 f5 15. exf6 Nxf6 16. Qc4 Rhe8 17. Ne5 Qd5 18. Qxd5 Rxd5 19. Bxd3 Nc7 20. Rf1 g6 21. Ra2 Red8 22. Be2 1-0